00430 a2200109 4500001001000000005001700010008004100027245010000068100003100168700003200199773008900231ART_1581920260410161918.0260409a 10aPosicionamiento en la web de la investigación sobre contabilidad ambiental y social argentina1 aGarcía Fronti, Inés M.1 aD´Onofrio, Paula Alejandra0 tDocumentos de trabajo de contabilidad socialg- Año 3, Nº 2 (dic. 2010)wREV14388